| Record ID | ia:toolsofgovernmen00sala |
| Source | Internet Archive |
| Download MARC XML | https://archive.org/download/toolsofgovernmen00sala/toolsofgovernmen00sala_marc.xml |
| Download MARC binary | https://www.archive.org/download/toolsofgovernmen00sala/toolsofgovernmen00sala_meta.mrc |
LEADER: 02444pam 22003254a 4500
001 ocm46882945
005 20020425000000.0
008 010418s2002 enka b 001 0 eng
010 $a2001032134
020 $a0195136659 (acid-free paper)
040 $aDLC$cDLC$dUKM$dC#P$dVVC
042 $apcc
049 $aMIAA
050 00 $aJF1525.P6$bT66 2002
245 04 $aThe tools of government :$ba guide to the new governance /$cedited by Lester M. Salamon ; with the special assistance of Odus V. Elliott
260 $aOxford ;$aNew York :$bOxford University Press,$c2002
300 $axii, 669 p. :$bill. ;$c26 cm
504 $aIncludes bibliographical references (p. 611-645) and index
505 0 $aThe new governance and the tools of public action: an introduction / Lester M. Salamon -- Direct government / Christopher K. Leman -- Government corporations and government-sponsored enterprises / Thomas H. Stanton and Ronald C. Moe -- Economic regulation / Lester M. Salamom -- Social regulation / Peter J. May -- Government insurance / Ron J. Feldman -- Public information / Janet A. Weiss -- Corrective taxes, charges, and tradable permits / Joseph J. Cordes -- Contracting / Steven J. Kelman -- Purchase-of-service contracting / Ruth Hoogland DeHoog and Lester M. Salamon -- Grants / David R. Beam and Timothy J. Conlan -- Loans and loan guarantees / Thomas H. Stanton -- Tax expenditures / Christopher Howard -- Vouchers / C. Eugene Steuerle and Eric C. Twombly -- Tort liability / Peter H. Schuck -- Managing indirect government / Donald F. Kettl -- Financial accountability in indirect government / John J. Lordan -- Accountability challenges of third-party government / Paul L. Posner -- The politics of tool choice / B. Guy Peters -- Policy tools and democracy / Steven Rathgeb Smith and Helen Ingram -- European experience with tools of government / Arthur B. Ringeling -- The tools approach and the new governance: conclusion and implications / Lester M. Salamon
650 0 $aPolitical planning
650 0 $aPublic administration
650 0 $aIntergovernmental cooperation
650 0 $aPublic-private sector cooperation
650 0 $aContracting out
700 1 $aSalamon, Lester M
700 1 $aElliott, Odus V
907 $a.b29335735$b11-15-04$c04-26-02
998 $akngl$b05-01-02$cm$da$e-$feng$genk$h4$i0
947 $akmf
945 $g1$i35054025933165$j0$lkngli$o $p$0.00$q $r $s-$t0$u3$v2$w0$x0$y.i38597809$z05-01-02